MARC

LEADER 00000nam0a2200000 4500
001 27477
005 20240620145933.0
010 |a 5751112296 
035 |a (RuTPU)RU\TPU\book\27728 
035 |a BOOK00027803 
090 |a 27477 
100 |a 20011209d2000 km y0rusy50 ca 
101 0 |a rus 
102 |a RU 
105 |a aop z 000zb 
200 1 |a Усадьба И. Д. Асташева - Томский областной краеведческий музей  |f сост.: Е. Д. Андреева 
210 |a Томск  |c Изд-во ТГУ  |d 2000 
215 |a 47 с.  |c ил. 
600 1 |a Асташев  |b И. Д.  |c российский золотопромышленник  |c предприниматель  |f 1796-1869  |g Иван Дмитриевич  |2 stltpush  |3 (RuTPU)RU\TPU\pers\13443  |9 4097 
610 1 |a музеи 
610 1 |a музееведение 
610 1 |a краеведение 
610 1 |a Сибирь 
610 1 |a Томск 
610 1 |a архитектура 
610 1 |a история 
610 1 |a усадьбы 
610 1 |a Томский областной краеведческий музей 
686 |a Ч77  |v LBC/SL-A  |2 rubbk 
686 |a Т3(2Р53)  |v LBC/SL-A  |2 rubbk 
702 1 |a Андреева  |b Е. А.  |4 220 
801 0 |a RU  |b 63413507  |c 20011209  |g PSBO 
801 2 |a RU  |b 63413507  |c 20111207  |g PSBO 
942 |c BK